Alle Bundesliga Meister - Statistiken

Allgemein
  • Dieses Quiz wurde 85 mal gespielt
  • Das Durchschnittsergebnis liegt bei 61 aus 63
Antwortstatistiken
Jahr Meister % Korrekt
2024 Bayer 04 Leverkusen
100%
1995 BVB Borussia Dortmund
100%
1996 BVB Borussia Dortmund
100%
2002 BVB Borussia Dortmund
100%
2011 BVB Borussia Dortmund
100%
2012 BVB Borussia Dortmund
100%
1986 FC Bayern München
100%
1987 FC Bayern München
100%
2003 FC Bayern München
100%
1969 FC Bayern München
99%
1972 FC Bayern München
99%
1973 FC Bayern München
99%
1974 FC Bayern München
99%
1980 FC Bayern München
99%
1981 FC Bayern München
99%
1985 FC Bayern München
99%
1989 FC Bayern München
99%
1990 FC Bayern München
99%
1994 FC Bayern München
99%
1997 FC Bayern München
99%
1999 FC Bayern München
99%
2000 FC Bayern München
99%
2001 FC Bayern München
99%
2005 FC Bayern München
99%
2006 FC Bayern München
99%
2008 FC Bayern München
99%
2010 FC Bayern München
99%
2013 FC Bayern München
99%
2014 FC Bayern München
99%
2015 FC Bayern München
99%
2016 FC Bayern München
99%
2017 FC Bayern München
99%
2018 FC Bayern München
99%
2019 FC Bayern München
99%
2020 FC Bayern München
99%
2021 FC Bayern München
99%
2022 FC Bayern München
99%
2023 FC Bayern München
99%
2025 FC Bayern München
99%
2026 FC Bayern München
99%
1965 SV Werder Bremen
99%
1988 SV Werder Bremen
99%
1993 SV Werder Bremen
99%
2004 SV Werder Bremen
99%
1984 VfB Stuttgart
96%
1992 VfB Stuttgart
96%
2007 VfB Stuttgart
96%
2009 VfL Wolfsburg
94%
1991 1. FC Kaiserslautern
93%
1998 1. FC Kaiserslautern
93%
1979 Hamburger SV
93%
1982 Hamburger SV
93%
1983 Hamburger SV
93%
1964 1. FC Köln
89%
1978 1. FC Köln
89%
1968 1. FC Nürnberg
89%
1970 Borussia Mönchengladbach
89%
1971 Borussia Mönchengladbach
89%
1975 Borussia Mönchengladbach
89%
1976 Borussia Mönchengladbach
89%
1977 Borussia Mönchengladbach
89%
1966 TSV 1860 München
77%
1967 Eintracht Braunschweig
72%
Keine übereinstimmenden Quizze gefunden
Verteilung der Resultate
Anzahl Personen mit jedem Resultat
Perzentil nach korrekt beantworteten Fragen
Ihre Resultats-Entwicklung
Sie haben dieses Quiz noch nicht gespielt